Red miracle, (Record no. 38297)

MARC details
000 -LEADER
fixed length control field 00648cam a22002291 4500
001 - CONTROL NUMBER
control field med47001302
003 - CONTROL NUMBER IDENTIFIER
control field DLC
005 - DATE AND TIME OF LATEST TRANSACTION
control field 20260227111602.0
008 - FIXED-LENGTH DATA ELEMENTS--GENERAL INFORMATION
fixed length control field 750826s1947 nyuac 000 0 eng
010 ## - LIBRARY OF CONGRESS CONTROL NUMBER
LC control number med47001302
035 ## - SYSTEM CONTROL NUMBER
System control number (OCoLC)1574601
040 ## - CATALOGING SOURCE
Original cataloging agency DLC
Transcribing agency F
Modifying agency OCoLC
-- CaBViV
-- DLC
043 ## - GEOGRAPHIC AREA CODE
Geographic area code e-ur---
050 00 - LIBRARY OF CONGRESS CALL NUMBER
Classification number R531
Item number .P6
082 ## - DEWEY DECIMAL CLASSIFICATION NUMBER
Classification number 610.947
100 1# - MAIN ENTRY--PERSONAL NAME
Personal name Podolsky, Edward,
Dates associated with a name 1902-
245 10 - TITLE STATEMENT
Title Red miracle,
Remainder of title the story of Soviet medicine ...
260 ## - PUBLICATION, DISTRIBUTION, ETC.
Place of publication, distribution, etc. New York,
Name of publisher, distributor, etc. Beechhurst
Date of publication, distribution, etc. [1947]
300 ## - PHYSICAL DESCRIPTION
Extent 274 p.
Other physical details illus., ports.
Dimensions 24 cm.
650 #0 - SUBJECT ADDED ENTRY--TOPICAL TERM
Topical term or geographic name entry element Medicine
Geographic subdivision Soviet Union.
650 #0 - SUBJECT ADDED ENTRY--TOPICAL TERM
Topical term or geographic name entry element National health services
Geographic subdivision Soviet Union.

No items available.

Powered by Koha